Регионална библиотека "Любен Каравелов" - Русе

Споделеност (Запис номер 11161)

MARC детайли
000 -Лидер
Контролно поле с фиксирана дължина 01175nam a2200349 c 4500
003 - Код на организацията, давaща контролен номер
Контролно поле BLK
005 - Дата и час на последна редакция
Контролно поле 20220225165639.0
008 - Елементи от данни с фиксирана дължина
fixed length control field 180412b bul|||||r ||||||| ||bul||
010 ## - Наследен системен номер
LC control number KNG00012685000
020 ## - Международен стандартен номер на книга ISBN
Международен стандартен номер на книга ISBN 954-8570-19-Х
040 ## - Източник на каталожния запис
Идентификатор на билиотеката - собственик на записа BLK
041 ## - Код за език
Код за езика на текст/звукозапис или на отделно заглавие Български
Код за езика КДБФ Български
072 #7 - Код за тематичната категория
Код организация bullib
Код за тематична категория Я
Текст Автографи
072 #7 - Код за тематичната категория
Код организация bullib
Код за тематична категория К
Текст Краезнание
072 #7 - Код за тематичната категория
Код организация bullib
Код за тематична категория РА
Текст Русенски автори
080 ## - УДК
Текстов определител УДК Българска литература
УДК код - определител по УДК 821.163.2
УДК определител -1
УДК - код + определител 821.163.2-1
100 1# - Редна дума - Автор
Автор Симеонова, Гатя Гатева
Авторска отговорност първи автор
R(LIN) 242896
139 ## - Редно поле
Редна дума Симеонова, Гатя Гатева
Авторски знак Сим - С 37
245 10 - Сведения за заглавието
Заглавие Споделеност
Подзаглавни данни Стихове
Редно поле (дума) Гатя Гатева Симеонова.
257 ## - Страна на издаване
Страна на създаване/издаване България
260 ## - Област на издателските данни
Име на издателя, разпространителя и проч. Колобър
Година на издаване 1996
300 ## - Физическа характеристика
Страници 48 с.
Размери/Мащаб 16 см
380 ## - Жанр
Жанр Худож. лит.
500 ## - Общи забележки
Забележка Деп. списък: 19 ; 300 тир
659 ## - Тематичен бюлетин
Тематичен бюлетин К
659 ## - Тематичен бюлетин
Тематичен бюлетин Я
852 ## - Местоположение
Форматна сигнатура Цб І 28224
852 ## - Местоположение
Форматна сигнатура К 821.163.2/С 37 Г
856 4# - Електронен адрес и достъп
Електронен формат pdf - файл
Път до файла /url/
856 4# - Електронен адрес и достъп
Електронен формат pdf - файл
Път до файла /url/
999 ## - СИСТЕМНИ КОНТРОЛНИ НОМЕРА
Koha biblionumber 11161
Koha biblioitemnumber 11161
942 ## - АРТИКУЛИ
Вид на библиотечния материал Книги
Скрит в OPAC Не
Периодичен библиозапис Да
944 ## - СЪЗДАВАНЕ И РЕДАКЦИЯ на ЗАПИСА
Създаване/Редакция Създаване
Дата на регистрацията/редакция 15.01.2003
Служител, извършил регистрацията/редакцията AB_DOS
944 ## - СЪЗДАВАНЕ И РЕДАКЦИЯ на ЗАПИСА
Създаване/Редакция Редакция
Дата на регистрацията/редакция 03.12.2014
Служител, извършил регистрацията/редакцията Ренета_Константинова
999 ## - СИСТЕМНИ КОНТРОЛНИ НОМЕРА
Koha biblioitemnumber 11161
Наличности
Код за отписване Код за изгубен артикул Източник на класификационната схема Код за повреда Коз за рестрикции Код за отдаване Артикулен № Име на библиотеката - собственик Име на библиотеката, в която се намира в момента Статус (Текущо местоположение) Дата на вписване в системата Местоположение - отдел Цена в лева Инвентарен номер Систематично азбучна сигнатура Баркод Номер на екземпляра Цена в евро Служебен тип на артикула Номерация (Хронология) Служебна бележка
  Не е изгубен Universal Decimal Classification Не е повреден без рестрикции ползва се в читалня 19375 Регионална библиотека "Любен Каравелов" Русе Регионална библиотека "Любен Каравелов" Русе Хранилище 2001-01-01 Хранилище 0.00 623168 Цб I 28224 120000623168 1 0.00 Книги    
  Не е изгубен Universal Decimal Classification Не е повреден без рестрикции ползва се в читалня 19376 Регионална библиотека "Любен Каравелов" Русе Регионална библиотека "Любен Каравелов" Русе Краезнание 1996-01-01 Краезнание 0.00 625608 К 821.163.2/С 37 Г 120000625608 2 0.00 Книги Автограф: Гатя Симеонова Вид: Сф N: стар фонд Дата: 01.01.1996 Дата инв: 15.11.2017 Бележки инв: К2017
  Не е изгубен Universal Decimal Classification Не е повреден без рестрикции ползва се в читалня 19377 Регионална библиотека "Любен Каравелов" Русе Регионална библиотека "Любен Каравелов" Русе Краезнание 1996-01-01 Краезнание 0.48 627973 К 821.163.2/С 37 Г 120000627973 3 0.25 Книги Автограф: Гатя Симеонова Вид: Сф N: стар фонд Дата: 01.01.1996 Дата инв: 16.11.2017 Бележки инв: К2017
Vip Innovations Ltd, Rousse, Bulgaria 2025